000
00299nam a22001217a 4500
020
_a
9789380929446
082
_a
630.33
_b
TIW/AG
100
_a
Tiwari,K.K
_9
697
245
_a
Agricultural Marketing(New Trend and Techniques)
260
_a
Jaipur
_b
DND Publications
_c
2013
300
_a
262
942
_c
BK
999
_c
14430
_d
14430